| 000 | 00979nam0a22002291 4500 | ||
|---|---|---|---|
| 001 | rc\927082 | ||
| 005 | 20260406113222.0 | ||
| 035 | _a(NLR Aleph) 006100707 | ||
| 090 |
_a5255822 _c5255822 |
||
| 100 | _a20041129d1982 |||y0rusy50 ca | ||
| 101 | 0 | _arus | |
| 102 | _aRU | ||
| 105 | _ay ||||||||| | ||
| 200 | 1 |
_aЛипкие ленты _eКаталог _fГос. н.-и. и проект. ин-т полимерных клеев им. Э.Л. Тер-Газаряна (ГИПК), Отд-ние НИИ техн.-экон. исслед. (г. Черкассы) |
|
| 210 |
_aЧеркассы _cНИИТЭхим _d1982 |
||
| 215 |
_a21 с. _d20х29 |
||
| 712 | 0 | 2 |
_aНаучно-исследовательский и проектный институт полимерных клеев им. Э. Л. Тер-Газаряна _cКировакан _9290801 _3RU\NLR\AUTH\889140 |
| 801 | 0 |
_aRU _bNLR _gpsbo |
|
| 801 | 1 |
_aRU _bELAR _2rusmarc |
|
| 852 |
_aNLR _bПт _j44.4/139 |
||
| 942 | _cBOOK | ||
| 980 | _aNB | ||